000 00570nam a2200229Ia 4500
005 20250425162153.0
008 250425s9999 xx 000 0 und d
041 _aspa
043 _aec
082 _a920.9866
100 _aROBLES Y CHAMBERS, PEDRO
245 0 _aCONTRIBUCION PARA EL ESTUDIO DE LA SOCIEDAD COLONIAL DE GUAYAQUIL
250 _a1A ED.
260 _aEcuador
_bBIBLIOTECA MUNICIPAL
_c1950
260 _aGUAYAQUIL
300 _a657
650 _aBIOGRAFIAS
650 _aCOLONIALISMO
650 _aGUAYAQUIL
942 _c01
010 _a54202
999 _c223753
_d223753